ਸ੍ਯੇਡ ਹਾਸ਼ਮ ਸ਼ਾਹ : (Record no. 110215)

MARC details
000 -LEADER
fixed length control field 01025nam a22002537a 4500
005 - DATE AND TIME OF LATEST TRANSACTION
control field 20170123164149.0
010 ## - LIBRARY OF CONGRESS CONTROL NUMBER
LC control number A-773049
020 ## - INTERNATIONAL STANDARD BOOK NUMBER
Terms of availability 65.00
International Standard Book Number 8179801061
035 ## - SYSTEM CONTROL NUMBER
System control number A-773049
037 ## - SOURCE OF ACQUISITION
Stock number Cen Lib / Ret
040 ## - CATALOGING SOURCE
Original cataloging agency DPL
Language of cataloging PN
082 ## - DEWEY DECIMAL CLASSIFICATION NUMBER
Classification number 851.08
Item number ਹਰਨ
100 ## - MAIN ENTRY--PERSONAL NAME
Personal name ਹਰਨਮ ਸਿੰਘ ਸ਼ਾਨ
9 (RLIN) 6710
245 ## - TITLE STATEMENT
Title ਸ੍ਯੇਡ ਹਾਸ਼ਮ ਸ਼ਾਹ :
Statement of responsibility, etc ਹਰਨਾਮ ਸਿੰਘ ਸ਼ਾਨ
Remainder of title ਜੀਵਨ ਤੇ ਰਚਨਾ /
246 ## - VARYING FORM OF TITLE
Title proper/short title Syed hasham shah : jiwan te rachna
Remainder of title by Harnam Singh Shan
260 ## - PUBLICATION, DISTRIBUTION, ETC. (IMPRINT)
Place of publication, distribution, etc ਪਟਿਆਲਾ
Name of publisher, distributor, etc ਪੰਜਾਬੀ ਯੂਨੀਵਰਸਿਟੀ
Date of publication, distribution, etc 1995
270 ## - ADDRESS
Address ਪੰਜਾਬੀ ਯੂਨੀਵਰਸਿਟੀ
City ਪਟਿਆਲਾ
300 ## - PHYSICAL DESCRIPTION
Extent 216p.
Dimensions 19cm(Hb)
650 ## - SUBJECT ADDED ENTRY--TOPICAL TERM
Topical term or geographic name as entry element ਪੰਜਾਬੀ -- ਕਵਿਤਾਵਾਂ
9 (RLIN) 124891
650 ## - SUBJECT ADDED ENTRY--TOPICAL TERM
Topical term or geographic name as entry element ਪੰਜਾਬੀ ਸਾਹਿਤ
9 (RLIN) 124892
650 ## - SUBJECT ADDED ENTRY--TOPICAL TERM
Topical term or geographic name as entry element Punjabi --Poems
9 (RLIN) 98797
650 ## - SUBJECT ADDED ENTRY--TOPICAL TERM
Topical term or geographic name as entry element Punjabi Literature
9 (RLIN) 781
942 ## - ADDED ENTRY ELEMENTS (KOHA)
Source of classification or shelving scheme Dewey Decimal Classification
Koha item type Punjabi Bks
Classification part 851.08
Call number suffix ਹਰਨ
Holdings
Withdrawn status Lost status Damaged status Not for loan Home library Current library Date acquired Source of acquisition Cost, normal purchase price Total Checkouts Full call number Barcode Date last seen Copy number Cost, replacement price Price effective from Koha item type
        Central Library Central Library 16/01/2016 Cen Lib/Ret 65.00   851.08 ਹਰਨ A-773049 16/01/2016 1 65.00 16/01/2016 Punjabi Bks

© Delhi Public Library
Hit Counter
free hit counter